00557nam a22001817a 4500003000400000008004100004020001800045082002200063100001700085245009500102260004600197300001800243650002100261650001900282650003000301650002500331700001900356OSt240115b |||||||| |||| 00| 0 eng d a9780865714212 a363.738747bDAU-S aDauncey, Guy aStormy weather :b101 solutions to global climate change /cGuy Dauncey and Patrick Mazza. aCanada :bNew Society Publishers ,c2001. axiv, 271 p. ; aClimatic changes aGlobal warming aGreenhouse gas mitigation aPollution prevention aMazza, Patrick